000 00299nam a22001337a 4500
008 171018b xxu||||| |||| 00| 0 eng d
020 _a081611899-X
041 _aeng
080 _22ND
_a338
100 _a53
101 _aMEN
245 _aMANAGING THE PUBLIC LIBRARY
_cSAGER,D.J
942 _2udc
_cBK
999 _c34627
_d34627